00674nam a22002177a 450000500170000001000130001702000220003003500130005203700160006504000120008108200170009310000220011024501050013226000420023727000370027930000240031650000330034065000220037365000320039570000290042720170124110205.0 aA-735683 c00.00a8172243456 aA-735683 bCen Lib/Ret aDPLbEN a001.642bMAZ aMazursky, Alan D. aDbase IV :cby Alan D. Mazursky [and] Eileen Bechtold Dlugossba practical learning guide complete / aBombaybJaico publishing house c1994 bBombaya121, M. G. Road e400023 axii,427p.c26cm(Hb) aincludes glossary and index  aComputer science  aDatabase management system  aDlugoss, Eileen Bechtold